<?xml version="1.0" encoding="UTF-8"?>
<record
    xmlns:xsi="http://www.w3.org/2001/XMLSchema-instance"
    xsi:schemaLocation="http://www.loc.gov/MARC21/slim http://www.loc.gov/standards/marcxml/schema/MARC21slim.xsd"
    xmlns="http://www.loc.gov/MARC21/slim">

  <leader>00988aab a2200193 i 4500</leader>
  <controlfield tag="001">768714001</controlfield>
  <controlfield tag="003">CO-MdFUSB</controlfield>
  <controlfield tag="005">20240422115903.0</controlfield>
  <controlfield tag="008">221013s1996    ag ||||| |||| 00| 0 spa d</controlfield>
  <datafield tag="040" ind1=" " ind2=" ">
    <subfield code="b">spa</subfield>
    <subfield code="c">CO-MdFUSB</subfield>
    <subfield code="d">CO-MdFUSB</subfield>
  </datafield>
  <datafield tag="041" ind1=" " ind2=" ">
    <subfield code="a">spa</subfield>
  </datafield>
  <datafield tag="100" ind1="1" ind2=" ">
    <subfield code="a">Abel, Marcelo</subfield>
    <subfield code="e">autor</subfield>
  </datafield>
  <datafield tag="245" ind1="1" ind2="3">
    <subfield code="a">La comunicaci&#xF3;n en la misi&#xF3;n transcultural</subfield>
    <subfield code="c">/ Abel, Marcelo</subfield>
  </datafield>
  <datafield tag="300" ind1=" " ind2=" ">
    <subfield code="a">Volumen 15, n&#xFA;mero 2 (abril - junio, 1996) p&#xE1;ginas: 29 - 31</subfield>
    <subfield code="c">; 27 cm</subfield>
  </datafield>
  <datafield tag="520" ind1=" " ind2=" ">
    <subfield code="a">Para comunicar efectivamente se necesita tiempo: tiempo para conocer al receptor, para ganar su confianza, para saber de sus sentidas necesidades e inquietudes.
Para comunicar el mensaje de Jesucristo a una etnia determinada es indispensable que el comunicador conozca algo de la historia del grupo etnoling&#xFC;&#xED;stico o la sociedad receptora.
</subfield>
  </datafield>
  <datafield tag="653" ind1=" " ind2=" ">
    <subfield code="a">Misi&#xF3;n transcultural</subfield>
  </datafield>
  <datafield tag="773" ind1="0" ind2=" ">
    <subfield code="t">Iglesia y Misi&#xF3;n</subfield>
    <subfield code="0">49402</subfield>
    <subfield code="9">59640</subfield>
    <subfield code="g">Volumen 15, n&#xFA;mero 2 (abril - junio, 1996) p&#xE1;ginas: 29 - 31</subfield>
    <subfield code="q">p&#xE1;gina: 29</subfield>
  </datafield>
  <datafield tag="942" ind1=" " ind2=" ">
    <subfield code="c">ANA</subfield>
  </datafield>
  <datafield tag="999" ind1=" " ind2=" ">
    <subfield code="c">52205</subfield>
    <subfield code="d">52205</subfield>
  </datafield>
</record>
